Borges en México : un permanente diálogo literario /
Saved in:
| Main Author: | |
|---|---|
| Format: | Electronic eBook |
| Language: | Spanish |
| Published: |
Ciudad de México, México :
El Colegio de México,
2024.
|
| Edition: | Primera edición electrónica. |
| Series: | Serie Literatura mexicana ;
16. |
| Subjects: | |
| Online Access: | Digitalia Hispánica |
| Tags: |
Add Tag
No Tags, Be the first to tag this record!
|
MARC
| LEADER | 00000nam a2200000Ii 4500 | ||
|---|---|---|---|
| 001 | DIGCOLMX0570 | ||
| 003 | NyNyDIG | ||
| 006 | m o d | ||
| 007 | cr ||||||||||| | ||
| 008 | 250402s2024 mx ob 000 0 spa d | ||
| 035 | |a (OCoLC)1476991977 | ||
| 040 | |a DGITA |b eng |e rda |e pn |c DGITA | ||
| 020 | |a 9786075646213 |q electrónico | ||
| 020 | |z 9786075645728 |q impreso | ||
| 043 | |a n-mx--- | ||
| 050 | 1 | 4 | |a PQ7797.B635 ebook |
| 100 | 1 | |a Olea Franco, Rafael, |e author. | |
| 245 | 1 | 0 | |a Borges en México : |b un permanente diálogo literario / |c Rafael Olea Franco. |
| 250 | |a Primera edición electrónica. | ||
| 264 | 1 | |a Ciudad de México, México : |b El Colegio de México, |c 2024. | |
| 300 | |a 1 online resource. | ||
| 336 | |a text |b txt |2 rdacontent | ||
| 337 | |a computer |b c |2 rdamedia | ||
| 338 | |a online resource |b cr |2 rdacarrier | ||
| 347 | |a text file |2 rdaft | ||
| 347 | |b EPUB | ||
| 490 | 1 | |a Serie Literatura mexicana ; |v XXIV | |
| 504 | |a Includes bibliographical references. | ||
| 588 | 0 | |a Online resource; title from ePub title page (Digitalia, viewed April 2, 2025) | |
| 600 | 1 | 0 | |a Borges, Jorge Luis, |d 1899-1986 |x Criticism and interpretation. |
| 650 | 0 | |a Mexican literature |x History and criticism |y 20th century. | |
| 776 | 0 | 8 | |i Print version: |a Olea Franco, Rafael. |t Borges en México. |b Primera edición impresa. |d Ciudad de México, México : El Colegio de México, 2024 |z 9786075645728 |
| 791 | 2 | |a Digitalia (Firm), |e distributor. | |
| 793 | 0 | |g Digitalia eBook Collection: |a El Colegio de México | |
| 830 | 0 | |a Serie Literatura mexicana ; |v 16. | |
| 856 | 4 | 0 | |3 Digitalia Hispánica |u https://digitalia.unach.elogim.com/a/171412/ |
| 910 | |a Premium collection: 2025 | ||